000 01474cam a2200145 4500500
005 20251214002554.0
041 _afre
042 _adc
100 1 0 _aBertrand, Olivier
_eauthor
700 1 0 _aMenegaldo, Silvère
_eauthor
245 0 0 _aVocabulaire d'ancien français
260 _bArmand Colin,
_c2021.
520 _aL’épreuve écrite d’ancien français n’est pas le moindre des obstacles qu’ont à franchir les candidats au CAPES de lettres modernes et aux agrégations de lettres modernes et de grammaire. Afin de préparer efficacement la partie lexicale de cette épreuve, le candidat trouvera dans cet ouvrage tous les éléments, réunis en quelque 400 fiches de vocabulaire. Traitant un par un les termes les plus usuels de la littérature médiévale – et les plus susceptibles de faire l’objet d’une question aux concours –, ces fiches sont structurées suivant le modèle attendu par les jurys (étymologie, sens en ancien français, paradigmes morphologique et sémantique, évolution ultérieure). Clair et pratique, cet ouvrage a le grand avantage de permettre de construire sa compétence par un travail régulier, pas à pas et fiche par fiche. Et le jeu des renvois internes est une aide décisive pour bien circonscrire les champs notionnels et sémantiques de l’univers littéraire du Moyen Âge français.
856 4 1 _uhttps://shs.cairn.info/vocabulaire-d-ancien-francais--9782200626525?lang=fr&redirect-ssocas=7080
999 _c1567135
_d1567135